Descendants Characters Master Quiz - Statistics

General Stats
  • This quiz has been taken 286 times
    285 since last reset
  • The average score is 18 of 24
Answer Stats
Hint Answer % Correct
Maleficent's daughter Mal
100%
The Evil Queen's Daughter Evie
99%
Jafar's son Jay
98%
Cruella De Vil's son Carlos
97%
Ursula's daughter Uma
93%
Mal's father Hades
92%
Belle and Beast's son Ben
91%
Aladdin's enemy Jafar
90%
Aurora's daughter Audrey
89%
Captain Hook's son (Wicked World) Harry
89%
Son of Prince Charming Chad
87%
Loves fur coats Cruella De Vil
87%
Carlos' girlfriend, Daughter of Fairy Godmother Jane
86%
Longs to kill Snow White Evil Queen
82%
Gaston's son Gil
80%
Mistress of Evil Maleficent
80%
Evie's boyfriend, son of Dopey Doug
79%
Drizella Tremaine's daughter Dizzy
76%
Jay's girlfriend, Daughter of Fa Mulan Lonnie
76%
Dr. Facilier's daughter (Movies) Celia
69%
Alice in Wonderland's daughter (Wicked World) Ally
26%
Dr. Facilier's OTHER daughter (Wicked World) Freddie
23%
Captain Hook's daughter (Wicked World) CJ
19%
Yzma's son (Wicked World) Zevon
13%
No matching quizzes found
Score Distribution
Percent of People with Each Score
Percentile by Number Answered
Your Score History
You have not taken this quiz since the last reset